00337nam a2200109Ia 4500008004100000020001800041100001600059245004400075260005400119300002000173500003400193200626s9999 xx 000 0 und d a0-521-82705-1 aHyland, Ken cKen Hyland.--aSecond language writing/ aUnited Kingdom:bCambridge University Pressc2003 axvii, 299 pages aIncludes Reference, and Index